000
00286nam a2200133Ia 4500
005
20251222140108.0
008
251222s1900||||xx |||||||||||||| ||spa||
020
_a
8471625962
082
_a
185/A62
100
_a
AnĂ³nimo
245
0
_a
Sobre lo Sublime
264
_b
Bosch
942
_c
LIB
999
_c
4210
_d
4210